000 00416nam a2200169 a 4500
001 13455
005 20180713201832.0
008 140415d 000 0 eng d
041 _aeng
082 _a808.83872
_bCOL
100 1 _aCHRISTIE
245 1 4 _aTHE MURDER OF ROGER ACKROYD
250 _a1a ed.
260 _a[s.l.] :
_bBANTAM,
_c[s.f.]
300 _a207
650 1 4 _aNOVELA DE MISTERIO
999 _c13455
_d13455